[Event "COL-ch U10 Girls"]
[Site "Albania"]
[Date "2012.07.02"]
[Round "9.3"]
[White "Saltaren Sandoval, Camila"]
[Black "Lancheros Oyuela, Luna"]
[Result "0-1"]
[WhiteElo "1219"]
[BlackElo "1388"]
[PlyCount "50"]
[EventDate "2012.06.27"]
[EventType "tourn"]
[EventRounds "9"]
[EventCountry "COL"]
[SourceTitle "EXT 2024"]
[Source "ChessBase"]
[SourceDate "2023.10.10"]
[SourceVersion "1"]
[SourceVersionDate "2023.10.10"]
[SourceQuality "1"]

1. e4 e5 2. d4 exd4 3. Qxd4 Nc6 4. Qd1 Nf6 5. Nc3 Bb4 6. Bd3 d5 7. Qd2 dxe4 8. Bb5 Bd7 9. Nge2 Qe7 10. 0-0 0-0 11. a3 Ba5 12. b4 Bb6 13. Kh1 Rad8 14. g3 Bh3 15. Re1 Rxd2 16. Bxd2 Bxf2 17. Red1 e3 18. Bc1 Rd8 19. Bb2 Rxd1+ 20. Rxd1 Qe6 21. Nf4 Qf5 22. Bxc6 h6 23. Rc1 bxc6 24. Nce2 Qe4+ 25. Ng2 Qxg2# 0-1

[Event "COL-ch U10 Girls"]
[Site "Albania"]
[Date "2012.06.30"]
[Round "6.2"]
[White "Nacimento Mora, Karla Daniela"]
[Black "Saltaren Sandoval, Camila"]
[Result "1-0"]
[WhiteElo "1243"]
[BlackElo "1219"]
[PlyCount "61"]
[EventDate "2012.06.27"]
[EventType "tourn"]
[EventRounds "9"]
[EventCountry "COL"]
[SourceTitle "EXT 2024"]
[Source "ChessBase"]
[SourceDate "2023.10.10"]
[SourceVersion "1"]
[SourceVersionDate "2023.10.10"]
[SourceQuality "1"]

1. e4 e5 2. Nf3 Nc6 3. d4 exd4 4. Bc4 Bc5 5. c3 Nf6 6. cxd4 Nxd4 7. Nxd4 Bxd4 8. Qxd4 0-0 9. 0-0 Re8 10. e5 Nh5 11. Qd5 Kh8 12. Qxf7 b6 13. Qxh5 Bb7 14. Bd3 Kg8 15. Qxh7+ Kf8 16. Bf5 Qe7 17. Qg6 Qc5 18. Bxd7 Rxe5 19. Bf4 Rd5 20. Re1 Rxd7 21. Qh7 Kf7 22. Be5 Re7 23. Qxg7+ Ke6 24. Bd6+ Kxd6 25. Qxe7+ Kc6 26. Qe6+ Kb5 27. Nc3+ Kb4 28. a3+ Ka5 29. b4+ Ka6 30. bxc5 Ka5 31. Qc4 1-0